tentang dewasa / (Record no. 193018)

MARC details
000 -LEADER
fixed length control field 00838pam a2200289 i 4500
001 - CONTROL NUMBER
control field vtls000981633
003 - CONTROL NUMBER IDENTIFIER
control field PNM
005 - DATE AND TIME OF LATEST TRANSACTION
control field 20230912100046.0
008 - FIXED-LENGTH DATA ELEMENTS--GENERAL INFORMATION
fixed length control field 230308s2023 my g 000 0 may
020 ## - INTERNATIONAL STANDARD BOOK NUMBER
International Standard Book Number 9786299730941
Terms of availability RM49.00
Qualifying information paperback
039 #9 - LEVEL OF BIBLIOGRAPHIC CONTROL AND CODING DETAIL [OBSOLETE]
Level of rules in bibliographic description 202303091115
Level of effort used to assign nonsubject heading access points haslinda_m
040 ## - CATALOGING SOURCE
Original cataloging agency BNM
Language of cataloging eng
Transcribing agency BNM
Description conventions rda
Modifying agency PPAK
049 ## - LOCAL HOLDINGS (OCLC)
Holding library mal
082 04 - DEWEY DECIMAL CLASSIFICATION NUMBER
Edition number 23
Classification number 158.1
090 00 - LOCALLY ASSIGNED LC-TYPE CALL NUMBER (OCLC); LOCAL CALL NUMBER (RLIN)
Classification number (OCLC) (R) ; Classification number, CALL (RLIN) (NR) 158.1
Feature heading HAF
Feature heading G
100 0# - MAIN ENTRY--PERSONAL NAME
Personal name Hafizul Faiz,
Relator term author.
245 10 - TITLE STATEMENT
Title tentang dewasa /
Statement of responsibility, etc. Hafizul Faiz
264 #1 - PRODUCTION, PUBLICATION, DISTRIBUTION, MANUFACTURE, AND COPYRIGHT NOTICE
Place of production, publication, distribution, manufacture Putrajaya :
Name of producer, publisher, distributor, manufacturer Tentang Kita Empire,
Date of production, publication, distribution, manufacture, or copyright notice [2023]
300 ## - PHYSICAL DESCRIPTION
Extent 169 pages ;
Dimensions 19 cm
336 ## - CONTENT TYPE
Content type term text
Source rdacontent
337 ## - MEDIA TYPE
Media type term unmediated
Source rdamedia
338 ## - CARRIER TYPE
Carrier type term volume
Source rdacarrier
650 10 - SUBJECT ADDED ENTRY--TOPICAL TERM
Topical term or geographic name entry element Self-actualization (Psychology)
Topical term or geographic name entry element Self-realization
Topical term or geographic name entry element Motivation (Psychology)
942 ## - ADDED ENTRY ELEMENTS (KOHA)
Source of classification or shelving scheme Dewey Decimal Classification
Koha item type Book
Holdings
Withdrawn Not for loan Current library Shelving location Date acquired Total Checkouts Total Renewals Full call number Barcode Date last seen Date last checked out Koha item type Checked out
    Perpustakaan Alor Setar Pinjaman Dewasa 25/10/2023 9 4 158.1 HAF A01793375 14/08/2025 17/07/2025 Book  
    Perpustakaan Awam Sungai Petani Pinjaman Dewasa 25/10/2023 6 3 158.1 HAF A01793376 07/01/2026 25/11/2025 Book  
    Perpustakaan Baling Pinjaman Dewasa 25/10/2023     158.1 HAF A01793380 25/10/2023   Book  
    Perpustakaan Bandar Baharu Pinjaman Dewasa 25/10/2023 2   158.1 HAF A01793381 22/05/2025 09/04/2025 Book  
    Perpustakaan Jitra Pinjaman Dewasa 25/10/2023 6 3 158.1 HAF A01793377 25/03/2026 07/03/2026 Book  
    Perpustakaan Kuala Nerang Pinjaman Dewasa 25/10/2023     158.1 HAF A01793385 25/10/2023   Book  
    Perpustakaan Kulim Pinjaman Dewasa 25/10/2023 2 1 158.1 HAF A01793379 24/07/2024 04/06/2024 Book  
    Perpustakaan Langkawi Pinjaman Dewasa 25/10/2023 1   158.1 HAF A01793378 04/02/2026 18/01/2026 Book  
    Perpustakaan Merbok Pinjaman Dewasa 25/10/2023 8 1 158.1 HAF A01793382 30/06/2025 14/06/2025 Book  
    Perpustakaan Pendang Pinjaman Dewasa 25/10/2023 1 1 158.1 HAF A01793386 05/05/2025 05/05/2025 Book 06/07/2025
    Perpustakaan Sik Pinjaman Dewasa 25/10/2023 3 1 158.1 HAF A01793384 07/10/2025 23/09/2025 Book  
    Perpustakaan Yan Pinjaman Dewasa 25/10/2023     158.1 HAF A01793383 25/10/2023   Book